Radiohead Songs by Emojis - Statistics

General Stats
  • This quiz has been taken 760 times
  • The average score is 12 of 15
Answer Stats
Emojis Album Song % Correct
OK Computer Paranoid Android
92%
/ In Rainbows Weird Fishes/ Arpeggi
88%
In Rainbows Jigsaw Falling Into Place
86%
OK Computer Climbing Up the Walls
83%
In Rainbows House Of Cards
83%
The Bends My Iron Lung
83%
The King Of Limbs Lotus Flower
80%
A Moon Shaped Pool Burn the Witch
79%
( ) OK Computer Exit Music (For A Film)
79%
OK Computer Karma Police
79%
Hail To the Thief A Wolf At the Door
75%
OK Computer Subterranean Homesick Alien
71%
Hail To the Thief Sail To The Moon
69%
Kid A Treefingers
58%
Hail To the Thief A Punch Up at a Wedding
48%
No matching quizzes found
Score Distribution
Percent of People with Each Score
Percentile by Number Answered
Your Score History
You have not taken this quiz